|
|
|
|
| LEADER |
00000cam a2200000 7i4500 |
| 001 |
0000016885 |
| 005 |
20080506.0 |
| 008 |
080502 |
| 020 |
|
|
|a 0600554082
|
| 090 |
0 |
0 |
|a 748
|b ENC
|
| 245 |
1 |
4 |
|a The encyclopedia of glass
|c edited by Phoebe Phillips
|
| 260 |
|
|
|a London :
|b Spring books ,
|c 1987
|
| 650 |
|
0 |
|a Glass
|x Techniques
|
| 650 |
|
0 |
|a Glass
|x Theory & philosophy
|
| 700 |
1 |
|
|a Phillips, Phoebe
|
| 999 |
|
|
|a 0000785937
|b Book
|c Adult Collection
|e Cawangan Pontian
|
| 999 |
|
|
|a 0000822067
|b Book
|c REFERENCE
|e Cawangan Segamat
|
| 999 |
|
|
|a 0000822398
|b Book
|c REFERENCE
|e Cawangan Segamat
|
| 999 |
|
|
|a 0000822399
|b Book
|c REFERENCE
|e Cawangan Segamat
|
| 999 |
|
|
|a 0001013823
|b Book
|c REFERENCE
|e Perbadanan Perpustakaan Awam Johor
|
| 999 |
|
|
|a 0001013824
|b Book
|c Adult Collection
|e Cawangan Urban Transformation Centre
|